000 00622nam a2200181 i 4500
001 52769
003 ES-MaACL
005 20250811072657.0
007 t|
008 030904s1931 sp ||||1| spa d
245 0 0 _aDecreto de 1 de julio de 1931 sobre la duración máxima legal de la jornada de trabajo.
260 _aMadrid :
_b[s.n.],
_c1931 (
_fSuc. de M. Minuesa de los Ríos)
300 _a32 p. ;
_c23 cm.
500 _aPrecede al tít.: Ministerio de Trabajo y Previsión.
710 1 _aEspaña.
_bMinisterio de Trabajo y Previsión
_93933
852 _aES-MaACL
_j1757-F-15
999 _c52769
_d52769